000 00975cam a22002651i 4500
003 SA-RiAUC
005 20251014070301.0
008 251003s1981 sy g 00000 ara c
040 _aSA-RiKSU
_bara
_cSA-RiAUC
_erda
050 4 _b.S23 1981
082 0 4 _a220
_qSA-RiAUC
090 _a220
_bص ا ب
100 1 _aالصابوني، محمد علي،
_d1930-2021
_eمؤلف.
245 1 2 _aالتبيان في علوم القرآن /
_cبقلم محمد علي الصابوني.
250 _aالطبعة الثانية.
264 1 _aدمشق :
_aبيروت :
_bمكتبة الغزالي ؛
_bموسسة مناهل العرفان،
_c1981
300 _a232 صفحة؛
_c24 سم.
336 _aنص
_btxt
_2rdacontent
_3كتاب
337 _aبدون وسيط
_bn
_2rdamedia
338 _aمجلد
_bnc
_2rdacarrier
630 2 7 _aالقرآن
_xعلوم
_2aucut
730 2 2 _aالقرآن
942 _2ddc
_cBOOK
_n0
949 _aSA-JeALM
_d251003
_umohamedma123
_n1
999 _c12528
_d12528